000
00237nam a22000977a 4500
008
160507b xxu||||| |||| 00| 0 eng d
041
_a
eng
080
_a
616
245
_a
Archives of pathology & laboratory medicine:
_c
CAP;
942
_2
udc
_c
BK
999
_c
1888
_d
1888